000 00628nam a2200181 a 4500
001 000025292
005 20200930023704.0
008 110214s2006 cb 000 0 spa d
020 _a9789590610226
020 _a9789590610226
040 _aDO-SdBNP
_bspa
_cBNPHU
245 0 0 _aDe dónde son los cubanos /
_cRaimundo gómez Navia [et.al]...; cordinadora y redactora Graciela Chailloux Laffita.
260 _aLa Habana :
_bEditorial Ciencia Sociales de La Habana,
_c2006.
_bil., retrs.
300 _a231 P. ;
_c22 cm.
700 1 _agómez Navia, Raimundo
_951817
700 1 _aChailloux Laffita, Graciela
_951818
049 _aBNPD
999 _c24785
_d24785